European Capitals to Countries - Statistics

General Stats
  • This quiz has been taken 102 times
  • The average score is 38 of 45
Answer Stats
Hint Answer % Correct
Berlin Germany
98%
Athens Greece
98%
Amsterdam Netherlands
98%
London United Kingdom
98%
Paris France
96%
Rome Italy
96%
Luxembourg Luxembourg
96%
Oslo Norway
96%
Moscow Russia
96%
Madrid Spain
96%
Brussels Belgium
95%
Copenhagen Denmark
95%
Dublin Ireland
95%
Monaco Monaco
95%
Andorra la Vella Andorra
93%
Vienna Austria
93%
Helsinki Finland
93%
Warsaw Poland
93%
Stockholm Sweden
93%
Bern Switzerland
93%
Kyiv Ukraine
93%
Vatican City Vatican City
93%
Budapest Hungary
91%
Reykjavik Iceland
91%
Lisbon Portugal
91%
San Marino San Marino
91%
Prague Czech Republic
87%
Minsk Belarus
78%
Sofia Bulgaria
78%
Bucharest Romania
78%
Belgrade Serbia
76%
Sarajevo Bosnia and Herzegovina
75%
Zagreb Croatia
75%
Riga Latvia
75%
Bratislava Slovakia
75%
Tirana Albania
71%
Tallinn Estonia
71%
Ljubljana Slovenia
69%
Vilnius Lithuania
64%
Pristina Kosovo
62%
Valletta Malta
62%
Chisinau Moldova
62%
Skopje North Macedonia
60%
Vaduz Liechtenstein
58%
Podgorica Montenegro
58%
No matching quizzes found
Score Distribution
Percent of People with Each Score
Percentile by Number Answered
Your Score History
You have not taken this quiz